000 00923nas a2200301 4500
001 BR0602536
003 BR-BrBNA
005 20231205110052.0
007 ta
008 230509b bl.|||p| |||| 00| 00por d
040 _aBR-BrBNA
_bpor
_cBiblioteca Nacional de Agricultura
041 _a(Pt)
072 _aL73; L70; L50
100 1 _aOrtolani, E.L.
100 1 _aMachima, L.E. dos S.
100 1 _aSucupira, M.C.A.
245 1 _aSurto de doença do fígado branco em ovinos confinados: quadro clínico e laboratorial
650 _aOVINO
650 _aDOENÇA ANIMAL
650 _aFÍGADO
650 _aDEFICIÊNCIA MINERAL
650 _aESTEATOSE
650 _aVETERINÁRIA
650 _aBIOQUÍMICA ANIMAL
773 0 _tCiência Veterinária nos Trópicos (Brazil)
_xISSN 1415-6326
_g(May-Dec 2003), v. 6(2-37) p. 112-118
_wBR0602536
909 _a202311
_bLúcia
_c55
_dLúcia Elande
942 _2AGRIS
_n0
_cANA
999 _c186065
_d186065